000 00620nam a2200241 i 4500
001 C2-0307191
003 PPAK
005 20180728093836.0
008 110112s2008 cc a|||| ||||| | eng d
020 _a9789868415225
040 _aPPAK
_beng
_cPPAK
_erda
082 0 4 _a823
_223
090 0 0 _a823
_bCHI
_dRK
100 1 _aChing, Hai,
_eauthor
245 1 4 _aThe Noble Wilds
264 1 _aTaiwan :
_c2008
300 _a453 pages :
_bcolour illustrations ;
_c29 cm
336 _2rdacontent
_atext
337 _2rdamedia
_aunmediated
338 _2rdacarrier
_avolume
650 1 0 _aEnglish fiction
942 _ddc
_cB
999 _c109964
_d109964